000 00641nam a2200217 a 4500
005 20140412111243.0
008 010808s19uu xx 00 eng d
020 _a0-590-44948-6
050 _aER
_bIt1 1992
100 _aMaccarone, Grace
245 _aItchy, itchy chicken pox /
_cby Grace Maccaronel illustrated by Betsy Lewin.
260 _aNew York :
_bScholastic Inc,
_c1992.
300 _a1v. (unp.); ill.
520 _aPeppy rhymes present the humurous side to a common ailment.
650 _aChicken pox-Fiction
650 _aStories in rhyme
999 _c102831
_d102831